| 000 | 00959nmm a2200289 a 4500 | ||
|---|---|---|---|
| 999 |
_c23410 _d23410 |
||
| 001 | vtls011857479 | ||
| 005 | 20221010082722.0 | ||
| 007 | cr nnannnanaua | ||
| 008 | 190322s2019 xo f h slo c | ||
| 020 | _a9788018078846 | ||
| 040 |
_aLESKN _bslo _cLESKN _eAACR2 |
||
| 041 | 1 |
_aslo _hswe |
|
| 044 |
_axo _cSK |
||
| 072 | 7 |
_a821.11 _xGermánske literatúry _2konspekt |
|
| 080 |
_a821.113.6-31 _22011 |
||
| 080 |
_a(0:82-312.4) _22011 |
||
| 080 |
_a(086.76) _22001 |
||
| 100 | 1 |
_aMankell, Henning, _d1948-2015 _91714 |
|
| 245 | 1 | 0 |
_aKým príde mráz _helektronický zdroj _cHenning Mankell ; číta: Dušan Kubaň |
| 260 |
_aLevoča _bSlovenská knižnica pre nevidiacich Mateja Hrebendu _c2019 |
||
| 300 | _a59 častí | ||
| 655 | 7 |
_aelektronické zdroje _2SNKPH _93264 |
|
| 655 | 7 |
_ašvédske romány _2SNKPH _91715 |
|
| 655 | 7 |
_adetektívne romány _2SNKPH _91710 |
|
| 700 | 1 |
_aKubaň, Dušan, _d1971-2022 _4nrt _93633 |
|
| 856 | 4 | 0 | _uhttp://www.skn.sk |